Computational and Structural Approaches to drug Discovery (Record no. 76532)

MARC details
000 -LEADER
fixed length control field 00435pam a2200157 a 4500
020 ## - INTERNATIONAL STANDARD BOOK NUMBER
International Standard Book Number 978-085404-365-1
Terms of availability
041 ## - LANGUAGE CODE
Language code of text/sound track or separate title eng
082 ## - DEWEY DECIMAL CLASSIFICATION NUMBER
Classification number 615.19
Item number STR
100 ## - MAIN ENTRY--PERSONAL NAME
Personal name Stround, R M.
245 ## - TITLE STATEMENT
Title Computational and Structural Approaches to drug Discovery
Medium Textual Documents
260 ## - PUBLICATION, DISTRIBUTION, ETC.
Place of publication, distribution, etc. Cambridge
Name of publisher, distributor, etc. RSC Publishing
Date of publication, distribution, etc. 2008
300 ## - PHYSICAL DESCRIPTION
Extent 382.
653 ## - INDEX TERM--UNCONTROLLED
Uncontrolled term Pharmaceutical/Medicinal Chemistry
700 ## - ADDED ENTRY--PERSONAL NAME
Personal name Finer-Moore, J.
930 ## - EQUIVALENCE OR CROSS-REFERENCE-UNIFORM TITLE HEADING [LOCAL, CANADA]
Uniform title 3266
Holdings
Withdrawn status Lost status Damaged status Not for loan Collection Home library Current library Date acquired Source of acquisition Cost, normal purchase price Total Checkouts Full call number Barcode Date last seen Copy number Price effective from Koha item type
          Poona College of Pharmacy, Pune Poona College of Pharmacy, Pune 25/03/2019 Sai Book Centre 14021.00   615.19 STR PCP-PHRD-6630 24/02/2023 1 24/02/2023 Book